ীউপক্রমণিকা। (Record no. 4318)
[ view plain ]
| 000 -LEADER | |
|---|---|
| fixed length control field | 00507nam a2200145Ia 4500 |
| 008 - FIXED-LENGTH DATA ELEMENTS--GENERAL INFORMATION | |
| fixed length control field | 151213s9999 xx 000 0 und d |
| 100 ## - MAIN ENTRY--PERSONAL NAME | |
| Personal name | হাজেরা নজরুল। |
| 245 ## - TITLE STATEMENT | |
| Title | ীউপক্রমণিকা। |
| Statement of responsibility, etc. | হাজেরা নজরুল। |
| 260 ## - PUBLICATION, DISTRIBUTION, ETC. (IMPRINT) | |
| Place of publication, distribution, etc. | ঢাকা |
| Name of publisher, distributor, etc. | রাইটার্স ফাউন্ডেসন্স। |
| Date of publication, distribution, etc. | 2008 |
| 300 ## - PHYSICAL DESCRIPTION | |
| Extent | 8480 p. |
| 650 ## - SUBJECT ADDED ENTRY--TOPICAL TERM | |
| Topical term or geographic name as entry element | Bangla |
| 650 ## - SUBJECT ADDED ENTRY--TOPICAL TERM | |
| Topical term or geographic name as entry element | Bengali Literature |
| 700 ## - ADDED ENTRY--PERSONAL NAME | |
| Personal name | হাজেরা নজরুল। |
No items available.
